និនចារឆ្មាតូតូ / (Record no. 8581)

MARC details
000 -LEADER
fixed length control field 02150nam a22003017a 4500
001 - CONTROL NUMBER
control field 8581
003 - CONTROL NUMBER IDENTIFIER
control field FISKH
005 - DATE AND TIME OF LATEST TRANSACTION
control field 20251001155635.0
008 - FIXED-LENGTH DATA ELEMENTS--GENERAL INFORMATION
fixed length control field 251001b cb ||||| |||| 00| 0 eng d
020 ## - INTERNATIONAL STANDARD BOOK NUMBER
International Standard Book Number 9789996346149
040 ## - CATALOGING SOURCE
Original cataloging agency FISKH
Language of cataloging khr
Transcribing agency FISKH
Modifying agency FISKH
050 ## - LIBRARY OF CONGRESS CALL NUMBER
Classification number PZ7
082 ## - DEWEY DECIMAL CLASSIFICATION NUMBER
Classification number 590
100 ## - MAIN ENTRY--PERSONAL NAME
Personal name Fines, Soeun
245 ## - TITLE STATEMENT
Title និនចារឆ្មាតូតូ /
Statement of responsibility, etc. និពន្ធដោយ លោក ស៊ីន ហ្វីណេស្វ
260 ## - PUBLICATION, DISTRIBUTION, ETC.
Place of publication, distribution, etc. Phnom Penh :
Name of publisher, distributor, etc. Reading Books ,
Date of publication, distribution, etc. 2014.
300 ## - PHYSICAL DESCRIPTION
Extent 24 pages :
Other physical details color illustrations ;
Dimensions 25 cm .
505 ## - FORMATTED CONTENTS NOTE
Formatted contents note K <br/>
520 ## - SUMMARY, ETC.
Summary, etc. តូតូជាឆ្មាដែលមានមហិច្ឆតាចង់ក្លាយជាអ្នកមានវាក៏ព្យាយាមអួតបង្ហាញខ្លួនឈ្មុសឈ្មុលចូលប្រកួតប្រជែងគ្រប់ទិសទី ទោះបីមានការភ័យខ្លាចយ៉ាងណាក៏ដោយ ។​ ទីប៉ផុតវាក៏ប្រើប្រាជ្ញាដើម្បីយកឈ្នះលើសត្វកំណាចជាច្រើន ក៏បានក្លាយជាអ្នកក្លាហានប្រចាំព្រៃតែម្តង ។​ ហើយវាក៏ដាក់ឈ្មោះអោយខ្លួនឯងថា​និនចារឆ្មាតូតូ ។​
520 ## - SUMMARY, ETC.
Summary, etc. Toto was a cat with great ambition to become wealthy. He always tried to show off and present himself as smart and capable, entering every competition and challenge, no matter how scared he was.<br/>In the end, he used his cleverness to defeat many fierce animals and eventually became known as the bravest creature in the forest. He even gave himself the name “Toto the Ninja Cat.”
521 8# - TARGET AUDIENCE NOTE
Target audience note 510 <br/>
Source Lexile estimate <br/>
521 8# - TARGET AUDIENCE NOTE
Target audience note K <br/>
Source Raz-Plus <br/>
650 ## - SUBJECT ADDED ENTRY--TOPICAL TERM
Topical term or geographic name entry element និនចារឆ្មាតូតូ
Form subdivision រឿងនិទានកុមារ​
650 ## - SUBJECT ADDED ENTRY--TOPICAL TERM
Topical term or geographic name entry element Ninja ToTo
Form subdivision Children's stories
700 ## - ADDED ENTRY--PERSONAL NAME
Personal name Saren, Koam
Relator term Illustrator
942 ## - ADDED ENTRY ELEMENTS (KOHA)
Source of classification or shelving scheme Dewey Decimal Classification
Koha item type Khmer Books
Suppress in OPAC No
Holdings
Withdrawn status Lost status Source of classification or shelving scheme Damaged status Not for loan Collection Home library Current library Shelving location Date acquired Total Checkouts Full call number Barcode Date last seen Copy number Price effective from Koha item type
    Dewey Decimal Classification     Khmer Language Books / សៀវភៅភាសាខ្មែរ Footprints International School Library Network Toul Tom Poung Campus Footprints International School Library Network Toul Tom Poung Campus TTP Primary Khmer Bookshelves 10/01/2025   FIN PZ7 590 FISBK03794 10/01/2025 1 10/01/2025 Khmer Books
    Dewey Decimal Classification     Khmer Language Books / សៀវភៅភាសាខ្មែរ Footprints International School Library Network Toul Tom Poung Campus Footprints International School Library Network Toul Tom Poung Campus TTP Primary Khmer Bookshelves 10/09/2025   FIN PZ7 590 FISBK03783 10/09/2025 2 10/09/2025 Khmer Books